00433nam a2200145Ia 4500008004100000041000800041082001200049100001700061245001800078260002900096300002400125365000700149999001700156952011400173240624s9999 xx 000 0 und d aeng a823 TEZ aTEZUKA OSAMU aAPOLLO S SONG c2010aNew YorkbVertical a259 : p. : cm. ; 24 cRS c21924d21924 00104070aIMTNbIMTNcRack 41-Ad2013-10-29g757.00o823 TEZp21924r2024-06-24 00:00:00t1w2024-06-24yBK